00667cam a22002053a 450000100060000000300060000600500170001200800410002904000150007004200070008505000070009210000180009924501730011726000290029050600300031951600200034965300210036983000290039085600420041926357PGUSA20140828083552.0080819s2008||||xxu|||||s|||||000 | eng d aPGUSAbeng adc 4aBV1 aWright, David10aIs The Young Man Absalom Safe? :bA Sermon Preached in The Church of St. Mary Magdalene, Stoke Bishop, on Sunday, July 19th, 1885h[electronic resource] /cDavid Wright bProject Gutenberg,c2008 aPublic domain in the USA. aElectronic text aSermons, English 0aProject Gutenbergv2635740uhttp://www.gutenberg.org/ebooks/26357